<?xml version="1.0" encoding="UTF-8"?>
<marc:record xmlns:marc="http://www.loc.gov/MARC21/slim">
   <marc:leader>00000nam a2200000 a 4500</marc:leader>
   <marc:datafield ind1="1" ind2=" " tag="100">
      <marc:subfield code="a">Hinsch, Rüdiger</marc:subfield>
      <marc:subfield code="4">aut</marc:subfield>
      <marc:subfield code="e">Verfasser/-in</marc:subfield>
   </marc:datafield>
   <marc:datafield ind1="1" ind2=" " tag="100">
      <marc:subfield code="a">Wittmann, Simone</marc:subfield>
      <marc:subfield code="4">aut</marc:subfield>
      <marc:subfield code="e">Verfasser/-in</marc:subfield>
   </marc:datafield>
   <marc:datafield ind1=" " ind2=" " tag="653">
      <marc:subfield code="a">Sozialkompetenz</marc:subfield>
   </marc:datafield>
   <marc:datafield ind1=" " ind2=" " tag="653">
      <marc:subfield code="a">Selbstsicherheitstraining</marc:subfield>
   </marc:datafield>
   <marc:datafield ind1=" " ind2=" " tag="653">
      <marc:subfield code="a">Softcover / Psychologie/Angewandte Psychologie</marc:subfield>
   </marc:datafield>
   <marc:datafield ind1="0" ind2="0" tag="245">
      <marc:subfield code="a">Soziale Kompetenz kann man lernen</marc:subfield>
   </marc:datafield>
   <marc:datafield ind1="0" ind2="0" tag="245">
      <marc:subfield code="c">Rüdiger Hinsch ; Simone Wittmann</marc:subfield>
   </marc:datafield>
   <marc:datafield ind1=" " ind2="1" tag="264">
      <marc:subfield code="a">Weinheim</marc:subfield>
      <marc:subfield code="b">Beltz</marc:subfield>
      <marc:subfield code="c">2010</marc:subfield>
   </marc:datafield>
   <marc:datafield ind1=" " ind2=" " tag="250">
      <marc:subfield code="a">2., überarb. Aufl.</marc:subfield>
   </marc:datafield>
   <marc:datafield ind1="1" ind2=" " tag="520">
      <marc:subfield code="a">Angaben aus der Verlagsmeldung

Soziale Kompetenz kann man lernen / von Rüdiger Hinsch, Simone Wittmann

Soziale Kompetenz bedeutet, seine Rechte durchzusetzen, soziale Beziehungen aktiv zu gestalten und eigene Gefühle und Bedürfnisse sympathisch zu äußern – viele Menschen haben allerdings an irgendeiner Stelle Schwierigkeiten, die sie im Umgang mit anderen Menschen hemmen. Hinsch und Wittmann leiten den Leser durch die drei Bereiche – so kann im Selbststudium oder begleitend zum Gruppentraining sozialer Kompetenzen (GSK) schrittweise soziale Kompetenz erworben werden.

Aus dem Inhalt
1 Selbstbewusst und selbstsicher
2 Ein Modell sozialer Interaktion
3 Situationen vom Typ R – Recht durchsetzen
4 Situationen vom Typ B – Beziehungen
5 Situationen vom Typ S – um Sympathie werben
6 Welche Situation gehört zu welchem Situationstyp?
</marc:subfield>
   </marc:datafield>
   <marc:datafield ind1=" " ind2=" " tag="020">
      <marc:subfield code="a">9783621276245</marc:subfield>
      <marc:subfield code="9">9783621276245</marc:subfield>
   </marc:datafield>
   <marc:datafield ind1=" " ind2=" " tag="041">
      <marc:subfield code="a">ger</marc:subfield>
   </marc:datafield>
   <marc:datafield ind1=" " ind2=" " tag="300">
      <marc:subfield code="a">VIII, 168 S.</marc:subfield>
   </marc:datafield>
</marc:record>
